<?xml version="1.0" encoding="UTF-8"?><?xml-stylesheet type="text/xsl" href="static/style.xsl"?><OAI-PMH xmlns="http://www.openarchives.org/OAI/2.0/" xmlns:xsi="http://www.w3.org/2001/XMLSchema-instance" xsi:schemaLocation="http://www.openarchives.org/OAI/2.0/ http://www.openarchives.org/OAI/2.0/OAI-PMH.xsd"><responseDate>2026-06-01T02:20:19Z</responseDate><request verb="GetRecord" identifier="oai:riuma.uma.es:10630/26350" metadataPrefix="marc">https://riuma.uma.es/rest/oai/request</request><GetRecord><record><header><identifier>oai:riuma.uma.es:10630/26350</identifier><datestamp>2026-02-03T11:16:31Z</datestamp><setSpec>com_10630_2254</setSpec><setSpec>col_10630_37953</setSpec></header><metadata><record xmlns="http://www.loc.gov/MARC21/slim" xmlns:dcterms="http://purl.org/dc/terms/" xmlns:doc="http://www.lyncode.com/xoai" xmlns:xsi="http://www.w3.org/2001/XMLSchema-instance" xsi:schemaLocation="http://www.loc.gov/MARC21/slim http://www.loc.gov/standards/marcxml/schema/MARC21slim.xsd">
   <leader>00925njm 22002777a 4500</leader>
   <datafield ind2=" " ind1=" " tag="042">
      <subfield code="a">dc</subfield>
   </datafield>
   <datafield ind2=" " ind1=" " tag="720">
      <subfield code="a">Mercado-Sáenz, Silvia</subfield>
      <subfield code="e">author</subfield>
   </datafield>
   <datafield ind2=" " ind1=" " tag="720">
      <subfield code="a">González-Vidal, Alejandro</subfield>
      <subfield code="e">author</subfield>
   </datafield>
   <datafield ind2=" " ind1=" " tag="720">
      <subfield code="a">Burgos-Molina, Antonio Manuel</subfield>
      <subfield code="e">author</subfield>
   </datafield>
   <datafield ind2=" " ind1=" " tag="720">
      <subfield code="a">López-Díaz, Beatriz</subfield>
      <subfield code="e">author</subfield>
   </datafield>
   <datafield ind2=" " ind1=" " tag="720">
      <subfield code="a">Sendra-Portero, Francisco</subfield>
      <subfield code="e">author</subfield>
   </datafield>
   <datafield ind2=" " ind1=" " tag="720">
      <subfield code="a">Ruiz-Gómez, Miguel José</subfield>
      <subfield code="e">author</subfield>
   </datafield>
   <datafield ind2=" " ind1=" " tag="260">
      <subfield code="c">2023</subfield>
   </datafield>
   <datafield ind2=" " ind1=" " tag="520">
      <subfield code="a">The study of the efects of the magnetic feld (MF) on living matter continues to be a dilemma. Until now, the interaction mechanisms of MF with living matter that explain the observed phenomena are unknown. Despite the existing literature &#xd;
and the multiple efects described to date, there are few published articles that study the combined efect of MF with other &#xd;
physical agents during the cellular aging process. In this sense, the aim of this work is to study whether low frequency and &#xd;
intensity pulsed and sinusoidal MF exposure produce alterations in the cell killing efect of ultraviolet C (UVC) radiation and &#xd;
thermal shock during the chronological aging of S. cerevisiae. Yeast cells were exposed to 2.45 mT (50 Hz) sinusoidal MF &#xd;
and 1.5 mT (25 Hz) pulsed MF, during 40 days of aging, in combination with UVC radiation (50 J/m2&#xd;
) and/or thermal shock &#xd;
(52°C). Cell survival was evaluated by clonogenic assay. The exposure of yeast to pulsed MF produces an acceleration of &#xd;
aging, which is not observed in cells exposed to sinusoidal MF. The pulsed MF modifes the cellular response to damaging &#xd;
agents only in aged S. cerevisiae cells. In this sense, the pulsed MF applied increases the damage induced by UVC radiation &#xd;
and by thermal shock. In contrast, the sinusoidal MF used has no efect.</subfield>
   </datafield>
   <datafield ind1="8" ind2=" " tag="024">
      <subfield code="a">Mercado-Sáenz, S., González-Vidal, A., Burgos-Molina, A.M. et al. Pulsed magnetic field increases the effect of ultraviolet C radiation and thermal shock in aged yeasts. Int Microbiol (2023). https://doi.org/10.1007/s10123-023-00352-2</subfield>
   </datafield>
   <datafield ind1="8" ind2=" " tag="024">
      <subfield code="a">https://hdl.handle.net/10630/26350</subfield>
   </datafield>
   <datafield ind1="8" ind2=" " tag="024">
      <subfield code="a">https://doi.org/10.1007/s10123-023-00352-2</subfield>
   </datafield>
   <datafield tag="653" ind2=" " ind1=" ">
      <subfield code="a">Magnetismo terrestre</subfield>
   </datafield>
   <datafield tag="653" ind2=" " ind1=" ">
      <subfield code="a">Células-Envejecimiento</subfield>
   </datafield>
   <datafield tag="653" ind2=" " ind1=" ">
      <subfield code="a">Levaduras-Fisiología</subfield>
   </datafield>
   <datafield ind2="0" ind1="0" tag="245">
      <subfield code="a">Pulsed magnetic feld increases the efect of ultraviolet C radiation  and thermal shock in aged yeasts</subfield>
   </datafield>
</record>
</metadata></record></GetRecord></OAI-PMH>